Países da América Central por ordem alfabética - Statistics

Estatísticas Gerais
  • Esse quiz foi jogado 54 vezes
  • A pontuação média é 16 de 20
Estatísticas das Respostas
Resposta % Correto
Antígua e Barbuda
98%
Bahamas
91%
Barbados
89%
Belize
87%
Costa Rica
83%
Cuba
83%
Dominica
81%
Haiti
81%
Jamaica
81%
Panamá
81%
El Salvador
79%
Honduras
79%
Nicarágua
79%
Guatemala
77%
São Cristóvão e Nevis
77%
Granada
74%
República Dominicana
74%
Santa Lúcia
74%
São Vicente e Granadinas
74%
Trinidad e Tobago
74%
Nenhum quiz correspondente encontrado
Distribuição das Pontuações
Porcentagem de Pessoas com Cada Pontuação
Percentil de Números Respondidos
Sua Pontuação Histórica
Você não jogou esse quiz